000 01427nam a2200241Ii 4500
003 JO-AjNU
005 20240625095313.0
008 230605s9999||||xx |||||||||||||| ||und||
040 _aJO-AjNU
_bara
_erda
_cJO-AjNU
041 _aara
050 1 4 _aHD30.23.2021
100 1 _aالروسان، معتز محمد سليمان
_eمعد
_965583
245 0 0 _aأثر الذكاء الاستراتيجي في تحسين عملية اتخاذ القرارات الاستراتيجية في هيئة تنظيم النقل البري في الاردن: المرونة الاستراتيجية كمتغير وسيط= The Impact of Strategic Intelligence in Improving Strategic Decision Making Process in Land Transport Regulatory Commission in Jordan: Strategic Flexiblity as a Mediator /
_cاعداد معتز محمد سليمان الروسان؛ اشراف علي فلاح مفلح الزعبي
264 3 1 _a 2021
300 _a123 ورقة
336 _atext
_btxt
_2rdacontent
337 _aunmediated
_bn
_2rdamedia
338 _avolume
_bnc
_2rdacarrier
500 _aرسالة جامعية ( اطروحة ماجستير) جامعة عجلون الوطنية: كلية ادارة الاعمال ، ادارة الاعمال،2021
650 4 _aالقرارات الاستراتيجية- هيئة النقل البري-الاردن
_961379
700 1 _aالزعبي، علي فلاح
_928684
_eمشرف
942 _2lcc
_cTHS
999 _c31309
_d31309